00000000nam 2200000zi 4500
0019.945368
003CaOODSP
00520241121094721
006m     o  d f      
007cr mn|||||||||
008241120s1971    onc     ob   f100 0 eng d
040 |aCaOODSP|beng|erda|cCaOODSP
043 |an-cn---
0861 |aCo41-1/6DE-PDF|zCo41-1/6D
24500|aSeminar on the wired city : |bUniversity of Ottawa - June 26, 27, 28, 1970.
24634|aReport on the seminar on the wired city
264 1|aOttawa : |bDepartment of Communications, |c1971.
300 |a1 online resource (42 pages).
336 |atext|btxt|2rdacontent
337 |acomputer|bc|2rdamedia
338 |aonline resource|bcr|2rdacarrier
4901 |aTelecommission study ; |v6(d)
500 |aIssued also in French under title: Rapport du séminaire sur la cité câblée : Université d'Ottawa, 26-28 juin 1970.
500 |aDigitized edition from print [produced by Innovation, Science and Economic Development Canada].
504 |aIncludes bibliographical references (pages 41-42).
650 0|aCommunication|xSocial aspects|zCanada|vCongresses.
650 0|aTelecommunication|zCanada|vCongresses.
655 7|aConference papers and proceedings|2lcgft
7101 |aCanada. |bDepartment of Communications, |eissuing body.
77508|tRapport du séminaire sur la cité câblée : |w(CaOODSP)9.945370
830#0|aTelecommission study ;|v6(d).|w(CaOODSP)9.927947
85640|qPDF|s758 KB|uhttps://publications.gc.ca/collections/collection_2024/isde-ised/co41-1/Co41-1-6D-eng.pdf